Sports Quiz

Random Sports or MLB Quiz

1971 AL Opening Day Lineups Quiz Stats

 Plays Quiz not verified by Sporcle

Challenge
Share
Tweet
Embed
Score 0/120 Timer 15:00
2 Plays Today
Position Player % Correct
ORIOLESFrank Robinson
97.5%
ORIOLESBrooks Robinson
97.5%
ORIOLESBoog Powell
97.2%
ATHLETICSReggie Jackson
96.5%
ATHLETICSDick Williams
95.9%
SENATORSTed Williams
95.9%
ORIOLESDavey Johnson
94.9%
ANGELSAlex Johnson
94.9%
ORIOLESMark Belanger
94.6%
ATHLETICSSal Bando
94.6%
ORIOLESEarl Weaver
94.6%
WHITE SOXTommy John
94.3%
ATHLETICSBert Campaneris
94%
YANKEESRoy White
94%
TIGERSAl Kaline
93.7%
YANKEESThurman Munson
93.7%
RED SOXCarl Yastrzemski
93.4%
TIGERSBill Freehan
92.7%
ATHLETICSVida Blue
92.4%
TWINSRod Carew
92.1%
TWINSHarmon Killebrew
91.8%
ORIOLESPaul Blair
91.1%
TIGERSMickey Lolich
90.2%
ORIOLESDave McNally
89.6%
TIGERSBilly Martin
89.2%
RED SOXLuis Aparicio
88.9%
WHITE SOXCarlos May
88.9%
BREWERSDave May
88.9%
RED SOXRico Petrocelli
88.6%
TWINSTony Oliva
88.6%
RED SOXGeorge Scott
88.3%
ROYALSAmos Otis
88%
YANKEESBobby Murcer
88%
ATHLETICSDick Green
87.3%
TIGERSWillie Horton
87.3%
RED SOXReggie Smith
87%
BREWERSBernie Smith
87%
ROYALSFreddie Patek
86.1%
TIGERSAurelio Rodriguez
83.5%
SENATORSFrank Howard
83.5%
Position Player % Correct
WHITE SOXWalt Williams
82.9%
YANKEESRalph Houk
82.4%
ANGELSJim Fregosi
81.6%
TIGERSDick McAuliffe
80.1%
TWINSJim Perry
80.1%
INDIANSGraig Nettles
79.1%
ORIOLESElrod Hendricks
78.2%
ROYALSLou Piniella
77.5%
YANKEESHorace Clarke
77.5%
TIGERSMickey Stanley
77.2%
WHITE SOXBill Melton
74.1%
SENATORSMike Epstein
73.1%
ATHLETICSDave Duncan
72.5%
TIGERSJim Northrup
72.5%
ATHLETICSFelipe Alou
71.2%
RED SOXBilly Conigliaro
71.2%
ANGELSTony Conigliaro
71.2%
TIGERSEd Brinkman
70.9%
INDIANSRay Fosse
70.9%
ORIOLESMerv Rettenmund
69.9%
BREWERSTommy Harper
67.7%
YANKEESGene Michael
67.4%
ATHLETICSDon Mincher
67.1%
ROYALSCookie Rojas
65.8%
TWINSCesar Tovar
64.6%
ATHLETICSRick Monday
63.9%
ROYALSBob Lemon
62.2%
INDIANSLarry Brown
62%
TWINSGeorge Mitterwald
59.5%
ANGELSSandy Alomar
58.9%
ROYALSBob Oliver
57.6%
TWINSLeo Cardenas
57%
SENATORSToby Harrah
56.3%
WHITE SOXMike Andrews
56%
YANKEESDanny Cater
54.4%
ROYALSPaul Schaal
54.1%
ANGELSJim Spencer
53.2%
ANGELSClyde Wright
52.8%
ROYALSBuck Martinez
52.5%
ANGELSKen McMullen
52.2%
Position Player % Correct
RED SOXEddie Kasko
50%
ANGELSLefty Phillips
48.6%
TWINSRich Reese
48.4%
ANGELSKen Berry
48.1%
WHITE SOXChuck Tanner
48%
RED SOXDoug Griffin
47.8%
BREWERSMarty Pattin
45.9%
SENATORSDick Bosman
44.9%
INDIANSEddie Leon
44.9%
SENATORSPaul Casanova
44.6%
WHITE SOXEd Herrmann
44.3%
TWINSBill Rigney
43.9%
RED SOXDuane Josephson
42.4%
YANKEESJerry Kenney
41.8%
RED SOXRay Culp
40.8%
INDIANSTed Ford
40.2%
BREWERSMike Hegan
39.9%
BREWERSDave Bristol
36.5%
YANKEESStan Bahnsen
36.4%
INDIANSKen Harrelson
36.4%
INDIANSRoy Foster
33.5%
ROYALSDick Drago
32.6%
SENATORSTim Cullen
31.6%
WHITE SOXJay Johnstone
30.7%
WHITE SOXRick Reichardt
30.7%
INDIANSBuddy Bradford
30.7%
TWINSBrant Alyea
29.7%
SENATORSCurt Flood
28.2%
SENATORSElliott Maddox
27.8%
INDIANSSteve Hargan
27.7%
INDIANSAlvin Dark
27.2%
BREWERSPhil Roof
26.3%
SENATORSJoe Foy
25.9%
ANGELSJerry Moses
23.4%
BREWERSTed Kubiak
21.2%
BREWERSRoberto Pena
20.6%
ROYALSJoe Keough
20.3%
WHITE SOXLee Richard
20.3%
BREWERSAndy Kosco
17.1%
YANKEESJim Lyttle
11.4%

You're not logged in!

Compare scores with friends on all Sporcle quizzes.
Join for Free
OR
Log In

You Might Also Like...

Show Comments

Extras

Created May 19, 2016ReportNominate
Tags:Baseball Quiz, MLB Quiz, 1965, 1971, player

Top Quizzes Today


Score Distribution

Your Account Isn't Verified!

In order to create a playlist on Sporcle, you need to verify the email address you used during registration. Go to your Sporcle Settings to finish the process.

Report this User

Report this user for behavior that violates our Community Guidelines.

Details: